000 003080000a22000970004500
100 1 _aPope, Robert
245 1 0 _aSeeking the kingdom of god : Congragational theologies for the 'social gospel'
300 _aNo. 1 (February, 2001), Páginas 99-121
773 0 _tInternational congregational journal
942 _cANA
999 _c59632
_d59632